000 00445nam a2200205Ia 4500
001 13143
003 GE_BSU
008 181216s||||||||xx |||||||||||||| ||und||
020 _a0778300676
040 _cGE_BSU
080 _a821.111-312.4
100 _aGerritsen,Tess.
245 _aUnder the Knife.
260 _aBarcelona.
260 _bMira Books.
260 _c1990
300 _a246p;18cm.
653 _aUnder the Knife.
942 _cBK
999 _c46307
_d46307